Australia country and history quiz - Statistics

General Stats
  • This quiz has been taken 46 times
    41 since last reset
  • The average score is 9 of 15
Answer Stats
Question Answer % Correct
What is the official language of Australia? English
95%
In what continent is Australia? Oceania
95%
Who colonised Australia? The British
95%
What is the capital city of Australia? Canberra
91%
What is a famous nickname of Australia? Down Under
86%
What type of colony was Australia at the beginning? A penal colony
73%
Who firstly discovered Australia? The Dutch
68%
What status did Australia gain in 1901? Federation
64%
How many states are there in Australia? 6
59%
What movie shows an example of the Stolen Generation? Rabbit-Proof Fence
59%
What case permitted to put an end to Terra Nullius in Australia The Mabo Case
45%
What policy started in Australia in 1901? The White Australia Policy
41%
What policy was implemented in 1937 in Australia against the native population? The Assimilation Policy
27%
In what year was the ANZUS created? 1951
23%
By what other name was known the Wakefield Theory? Systematic Colonization
23%
No matching quizzes found
Score Distribution
Percent of People with Each Score
Percentile by Number Answered
Your Score History
You have not taken this quiz since the last reset